Text book of enzymes, hormones and vitamins / (Record no. 42956)

MARC details
000 -LEADER
fixed length control field 00712nam a22002057a 4500
005 - DATE AND TIME OF LATEST TRANSACTION
control field 20100823115058.0
010 ## - LCCN (DPL NO)
LC control number ENG-101289
020 ## - INTERNATIONAL STANDARD BOOK NUMBER
Terms of availability 100.00
International Standard Book Number 8190812866
020 ## - INTERNATIONAL STANDARD BOOK NUMBER
Terms of availability 100.00
International Standard Book Number 9788190812863
035 ## - SYSTEM CONTROL NUMBER
System control number EN-84822
037 ## - SOURCE OF ACQUISITION
Source of stock number/acquisition DBAD/PUB
082 ## - DEWEY DECIMAL CLASSIFICATION NUMBER
Classification number 610
100 ## - MAIN ENTRY--PERSONAL NAME
Personal name Jagadeesan, K.
245 ## - TITLE STATEMENT
Title Text book of enzymes, hormones and vitamins /
Statement of responsibility, etc by K.Jagadeesan
260 ## - PUBLICATION, DISTRIBUTION, ETC. (IMPRINT)
Place of publication, distribution, etc Kaveripattinam
Name of publisher, distributor, etc Bharathi & Bharathi Publications
Date of publication, distribution, etc 2009
270 ## - ADDRESS
Address 21(15) 2nd Cross Street
City Kaveripattinam
Postal code 635112
300 ## - PHYSICAL DESCRIPTION
Extent 120p.:
Dimensions 20cm (pbk)
Other physical details ill.
942 ## - ADDED ENTRY ELEMENTS (KOHA)
Source of classification or shelving scheme Dewey Decimal Classification
Item type English Books
Classification part 610
Call number suffix JAG
Holdings
Withdrawn status Lost status Not for loan Collection code Home library Current library Date acquired Source of acquisition Cost, normal purchase price Full call number Barcode Copy number Cost, replacement price Koha item type
    Not For Loan Non-fiction D.B.Act.Division D.B.Act.Division 23/08/2010 DBAD/PUB 100.00 610 JAG EN-84822 1 100.00 English Books

© Delhi Public Library
Hit Counter
free hit counter